Vplyv verejných financií na alokáciu nových finančných zdrojov v ekonomike (vyčíslenie efektu vytláčania)

Objasnenie a vzájomný vzťah finančných kategórií, ktorými sú peniaze, finančné zdroje a finančné aktíva. Rozbor efektu vytláčania trhových síl z procesu alokácie finančných zdrojov. Vyčíslenie efektu vytláčania. Korekcie fiškálnej nerovnováhy na strane verejných príjmov a verejných výdavkov. Príklad...

Descrizione completa

Salvato in:
Dettagli Bibliografici
Autore principale: Svitek, Martin
Natura: Capitolo di libro
Lingua:slovacco
Soggetti:
Tags: Aggiungi Tag
Nessun Tag, puoi essere il primo ad aggiungerne!!

MARC

LEADER 00000naa a2200000 4500
001 r047169
005 20230918081725.7
041 0 |a slo 
044 |a SK 
245 1 0 |a Vplyv verejných financií na alokáciu nových finančných zdrojov v ekonomike (vyčíslenie efektu vytláčania)  |c Martin Svitek 
520 |a Objasnenie a vzájomný vzťah finančných kategórií, ktorými sú peniaze, finančné zdroje a finančné aktíva. Rozbor efektu vytláčania trhových síl z procesu alokácie finančných zdrojov. Vyčíslenie efektu vytláčania. Korekcie fiškálnej nerovnováhy na strane verejných príjmov a verejných výdavkov. Príklad efektu vytláčania. Prepojenie príkladu s menovou praxou. 
610 2 0 |a financie verejné 
610 2 0 |a zdroje finančné 
610 2 0 |a aktíva 
610 2 0 |a kategórie ekonomické 
610 2 0 |a peniaze 
610 2 0 |a deficit rozpočtový 
610 2 0 |a výdavky verejné 
610 2 0 |a rovnováha finančná 
100 1 |a Svitek, Martin